Object-Oriented Systems Analysis and Design Using UML.
Tallennettuna:
| Päätekijät: | , , |
|---|---|
| Aineistotyyppi: | Tuntematon |
| Kieli: | englanti |
| Julkaistu: |
London, United Kingdom:
McGraw Hill Education,
2010
|
| Painos: | Fourth Edition |
| Aiheet: | |
| Tagit: |
Lisää tagi
Ei tageja, Lisää ensimmäinen tagi!
|
MARC
| LEADER | 00000 a2200000 4500 | ||
|---|---|---|---|
| 003 | CL-VaPUC | ||
| 005 | 20220412164602.0 | ||
| 008 | 220408b2010 ||||| |||| 00| 0 eng d | ||
| 999 | |c 435344 |d 435342 | ||
| 020 | |a 978-0-07-712536-3 | ||
| 040 | |c Pontificia Universidad Católica de Valparaíso | ||
| 082 | 7 | |a 005.117 BEN 2010 |2 22 | |
| 100 | |a Bennett, Simon |9 503790 |e author | ||
| 245 | 1 | |a Object-Oriented Systems Analysis and Design Using UML. | |
| 250 | |a Fourth Edition | ||
| 260 | |a London, United Kingdom: |b McGraw Hill Education, |c 2010 | ||
| 300 | |a 688 páginas | ||
| 583 | |k Cristina María Rojas Aguilar |c 20220408 | ||
| 650 | 0 | |a Sistemas de información |9 260286 | |
| 650 | 0 | |a Programación orientada a objetos |9 549843 | |
| 650 | 0 | |a Diseño de sistemas |9 262363 | |
| 700 | |a McRobb, Steve |9 527729 |e author | ||
| 700 | |a Farmer, Ray |9 527730 |e author | ||
| 942 | |2 ddc |c BK | ||
| 952 | |0 0 |1 0 |2 ddc |4 0 |6 005_117000000000000_BEN_2010 |7 0 |8 A |9 582521 |a BIBING |b BIBING |c GEN |d 2022-04-08 |e 1 |g 0.00 |i 5650572 |o 005.117 BEN 2010 |p 5650572 |r 2025-01-20 |t 1 |v 0.00 |w 2022-04-08 |y BK |k EII | ||